| Tag |
First Indicator |
Second Indicator |
Subfields |
| LEADER |
00000cam a2200000 4500 |
| 001 |
in00000242594 |
| 005 |
20151010050959.0 |
| 008 |
721006s1948 paua b 00000 eng |
| 010 |
|
|
|a 48007852
|
| 035 |
|
|
|a (OCoLC)00424099
|
| 035 |
|
|
|9 ABB3442AM
|
| 040 |
|
|
|a DLC
|c WSU
|d OCL
|d TXA
|d UtOrBLW
|
| 049 |
|
|
|a TXAM
|c [157949]
|
| 050 |
|
0 |
|a E184.J3
|b S58
|
| 082 |
0 |
|
|a 325.2520973
|
| 100 |
1 |
|
|a Smith, Bradford,
|d 1909-1964.
|
| 245 |
1 |
0 |
|a Americans from Japan.
|
| 250 |
|
|
|a [1st ed.].
|
| 264 |
|
1 |
|a Philadelphia :
|b J. B. Lippincott Co.,
|c [1948]
|
| 300 |
|
|
|a xxi, 409 pages :
|b illustrations ;
|c 22 cm.
|
| 336 |
|
|
|a text
|b txt
|2 rdacontent
|
| 337 |
|
|
|a unmediated
|b n
|2 rdamedia
|
| 338 |
|
|
|a volume
|b nc
|2 rdacarrier
|
| 490 |
1 |
|
|a The peoples of America series
|
| 504 |
|
|
|a "Notes on sources": pages 390-392.
|
| 650 |
|
0 |
|a Japanese
|z United States.
|
| 830 |
|
0 |
|a Peoples of America series.
|
| 999 |
|
|
|a MARS
|
| 999 |
f |
f |
|s f80da589-45b7-303c-812d-3aa34da03244
|i a0bf7478-400a-33e3-a570-0df2243b08e7
|t 0
|
| 952 |
f |
f |
|p ric
|a Texas A&M University
|b Rellis Campus
|c Joint Library Facility
|d Remote Storage
|t 0
|e E184.J3 S58
|h Library of Congress classification
|i unmediated -- volume
|m A14802180112
|
| 998 |
f |
f |
|a E184.J3 S58
|t 0
|l Remote Storage
|